00660nam a2200241 a 4500001001300000003000900013005001700022008004100039020001100080082001700091100001900108245001800127260004200145300000800187500003500195505001000230650001600240700001900256902000800275942000700283952011300290999001500403nice12345678IN_TiNIC20260116011929.0050524s1962 alia grp 000 0 urd  ac0.7500a891.41bJAU1 aJauhar, Nizami aJauhar Nizami aAligarhbAnjuman Taraqqi-E-Urduc1962 a64p aincludes index and biblioraphy2 aNotes aUrdu-Poetry1 aJauhar, Nizami bSRS cBK 001040708StackRoom-aHMIbHMId2007-07-31g0.75l0o891.41 JAU1p09603r2007-07-31v0.75w2005-05-24yBK c4947d4947